000 nam a22 7a 4500
999 _c10616
_d10616
008 180219b ||||| |||| 00| 0 eng d
100 _aSally,V.K.
_96508
245 _aLearning Elementary Science-4
260 _aNew Delhi
_bGoyal